000 01481nam a2200289 a 4500
001
003 DO-SdBNP
005 20230301080040.0
007 ta
008 100818s1999 dr 000 0 spa d
040 _aDO-SdBNP
_bspa
_cBPMSU
082 4 _a337
_bR332s 1999
_222
245 0 0 _aReflexiones sobre la globalización :
_bretos y experiencias /
_ccompilación José Manuel Guzmán Ibarra.
260 _aSanto Domingo :
_bOficina de Comunicación Económica,
_c1999.
300 _a241 p. ;
_c23 cm.
504 _aIncluye bibliografía y notas al pie de páginas.
505 0 _tCompitiendo en un mundo globalizado: experiencias latinoamericanas --
_tIniciativas públicas para aprovechar la globalización --
_tLa empresa frente a los retos de la Globalización --
_tLa República Dominicana compitiendo en un mundo globalizado --
_tIntervenciones de los empresarios --
_tIntervenciones de los economistas --
_tLa nueva generación de las reformas --
_tAprovechando las luces de la globalización /
_rLeonel Fernández Reyna.
590 _aInventariado, 2023/VM
650 4 _aGlobalización
_x Aspectos sociales.
650 4 _aEconomía internacional
_xEnsayos, conferencias, etc.
650 4 _aApertura económica
_xEnsayos, conferencias, etc.
650 4 _aDesarrollo sostenible
700 1 _aGuzmán Ibarra, José Manuel,
_ecomp.
710 2 _aOficina de Comunicación Económica (República Dominicana)
910 _aVMateo V. Control de calidad (BPMSU)
942 _2ddc
_cBK
999 _c14365
_d14365